000 01083nac a22003017a 4500
001 BR9207871
003 BR-BrBNA
005 20240105121246.0
008 230509b bl.|||m| |||| 00| 0 por d
040 _aBR-BrBNA
_bpor
_cBiblioteca Nacional de Agricultura
072 _aE21; Q02
090 _aE21 BR9207871
100 1 _aSilveira, J.D. da
100 1 _aLeite, P.S.
110 1 _aBanco do Nordeste do Brasil S.A., Fortaleza, CE (Brasil)
245 1 _aEstudos sobre a agroindustria no nordeste, v. 6: a agroindustria de produtos alimentares
246 1 _a[Studies on the agro-industry in the northeast region of Brazil, v. 6: the agro-industry of the food products!
260 3 _aFortaleza, CE (Brasil):
_c1991.
300 _a168 p.
490 _aEstudos Economicos e Sociais - Banco do Nordeste do Brasil S.A. (Brazil)
_vno. 51
_x
500 _a87 tables; 14 ref.
650 _aALIMENTO
650 _aINDUSTRIA ALIMENTICIA
650 _aINDUSTRIALIZACAO
650 _aREGIAO NORDESTE
909 _a202312
_bLúcia Elande
_c55
_dLúcia Elande
942 _2AGRIS
_n0
_cMS
999 _c284246
_d284246